MARC details
| 000 -LEADER |
| fixed length control field |
03444cam a22003858i 4500 |
| 001 - CONTROL NUMBER |
| control field |
21471973 |
| 003 - CONTROL NUMBER IDENTIFIER |
| control field |
OSt |
| 005 - DATE AND TIME OF LATEST TRANSACTION |
| control field |
20220304091324.0 |
| 008 - FIXED-LENGTH DATA ELEMENTS--GENERAL INFORMATION |
| fixed length control field |
200317s2020 nyu b 001 0 eng |
| 010 ## - LIBRARY OF CONGRESS CONTROL NUMBER |
| LC control number |
2020010729 |
| 020 ## - INTERNATIONAL STANDARD BOOK NUMBER |
| International Standard Book Number |
9781138386983 |
| Qualifying information |
(hardback) |
| 020 ## - INTERNATIONAL STANDARD BOOK NUMBER |
| International Standard Book Number |
9781138387003 |
| Qualifying information |
(paperback) |
| 020 ## - INTERNATIONAL STANDARD BOOK NUMBER |
| Canceled/invalid ISBN |
9780429426483 |
| Qualifying information |
(ebook) |
| 040 ## - CATALOGING SOURCE |
| Original cataloging agency |
DLC |
| Language of cataloging |
eng |
| Description conventions |
rda |
| Transcribing agency |
DLC |
| 042 ## - AUTHENTICATION CODE |
| Authentication code |
pcc |
| 050 00 - LIBRARY OF CONGRESS CALL NUMBER |
| Classification number |
P53.28 |
| Item number |
.R87 2020 |
| 082 00 - DEWEY DECIMAL CLASSIFICATION NUMBER |
| Classification number |
2021 |
| Edition number |
DC 418.0071 |
| Item number |
R911 |
| 100 1# - MAIN ENTRY--PERSONAL NAME |
| Personal name |
Russell, Victoria |
| Titles and words associated with a name |
(Professor of Spanish), |
| Relator term |
author. |
| 9 (RLIN) |
44456 |
| 245 10 - TITLE STATEMENT |
| Title |
Teaching language online: |
| Remainder of title |
guide for designing, developing, and delivering online, blended, and flipped language courses/ |
| Statement of responsibility, etc. |
Victoria Russell and Kathryn Murphy-Judy, authors |
| 263 ## - PROJECTED PUBLICATION DATE |
| Projected publication date |
2007 |
| 264 #1 - PRODUCTION, PUBLICATION, DISTRIBUTION, MANUFACTURE, AND COPYRIGHT NOTICE |
| Place of production, publication, distribution, manufacture |
New York: |
| Name of producer, publisher, distributor, manufacturer |
Routledge, |
| Date of production, publication, distribution, manufacture, or copyright notice |
©2020. |
| 300 ## - PHYSICAL DESCRIPTION |
| Extent |
v, 282 pages: |
| Other physical details |
illustrations; |
| Dimensions |
22 cm. |
| 336 ## - CONTENT TYPE |
| Content type term |
text |
| Content type code |
txt |
| Source |
rdacontent |
| 337 ## - MEDIA TYPE |
| Media type term |
unmediated |
| Media type code |
n |
| Source |
rdamedia |
| 338 ## - CARRIER TYPE |
| Carrier type term |
volume |
| Carrier type code |
nc |
| Source |
rdacarrier |
| 500 ## - GENERAL NOTE |
| General note |
Includes index. |
| 520 ## - SUMMARY, ETC. |
| Summary, etc. |
"Practical and accessible, this book comprehensively covers everything you need to know to design, develop, and deliver successful online, blended, and flipped language courses. Grounded in the principles of instructional design and communicative language teaching, this book serves as a compendium of best practices, research, and strategies for creating learner-centered online language instruction that builds students' proficiency within meaningful cultural contexts. This book addresses important topics such as finding and optimizing online resources and materials, learner engagement, teacher and student satisfaction and connectedness, professional development, and online language assessment. Teaching Language Online features: A step-by-step guide aligned with the American Council on the Teaching of Foreign Languages (ACTFL), the Common European Framework of Reference (CEFR) for Languages: Learning Teaching and Assessment, and the World Class Instructional Design and Assessment (WIDA) standards Research-based best practices and tools to implement effective communicative language teaching (CLT) online Strategies and practices that apply equally to ESL/EFL and world languages contexts Key Takeaway summaries, Discussion Questions, and Suggestions for Further Reading in every chapter Free, downloadable eResources with further readings and more materials available at www.routledge.com/ 9781138387003 As the demand for language courses in online or blended formats grows, K-16 teachers and instructors urgently need resources to effectively transition their teaching online. Designed to help university language instructors, professors, and K-12 world language teachers regardless of their level of experience with online learning, this book walks through the steps to move from the traditional classroom format to effective, successful online teaching environments"-- |
| Assigning source |
Provided by publisher. |
| 650 #0 - SUBJECT ADDED ENTRY--TOPICAL TERM |
| Topical term or geographic name as entry element |
Language and languages |
| General subdivision |
Computer-assisted instruction. |
| 9 (RLIN) |
44457 |
| 650 #0 - SUBJECT ADDED ENTRY--TOPICAL TERM |
| Topical term or geographic name as entry element |
Language and languages |
| General subdivision |
Study and teaching |
| -- |
Computer network resources. |
| 9 (RLIN) |
44458 |
| 700 1# - ADDED ENTRY--PERSONAL NAME |
| Personal name |
Murphy-Judy, Kathryn Annette, |
| Relator term |
author. |
| 9 (RLIN) |
44459 |
| 776 08 - ADDITIONAL PHYSICAL FORM ENTRY |
| Relationship information |
Online version: |
| Main entry heading |
Russell, Victoria, |
| Title |
Teaching language online |
| Place, publisher, and date of publication |
New York : Routledge, 2020. |
| International Standard Book Number |
9780429426483 |
| Record control number |
(DLC) 2020010730 |
| 906 ## - LOCAL DATA ELEMENT F, LDF (RLIN) |
| a |
7 |
| b |
cbc |
| c |
orignew |
| d |
1 |
| e |
ecip |
| f |
20 |
| g |
y-gencatlg |
| 942 ## - ADDED ENTRY ELEMENTS (KOHA) |
| Source of classification or shelving scheme |
Dewey Decimal Classification |
| Koha item type |
Circulation |